Cole - Parmer 1991/1992 Instrument Company

保存先:
書誌詳細
フォーマット: 図書
言語:Undetermined
出版事項: USA North Oak Park Avenue, Chicago, Illinois 1992
主題:
タグ: タグ追加
タグなし, このレコードへの初めてのタグを付けませんか!
Thư viện lưu trữ: Trung tâm Học liệu Trường Đại học Cần Thơ
LEADER 00455nam a2200169Ia 4500
001 CTU_23478
008 210402s9999 xx 000 0 und d
082 |a 016.6 
082 |b C689 
245 0 |a Cole - Parmer 1991/1992 Instrument Company 
260 |a USA 
260 |b North Oak Park Avenue, Chicago, Illinois 
260 |c 1992 
650 |a Intrument 
650 |x Catalog 
904 |i Truc 
980 |a Trung tâm Học liệu Trường Đại học Cần Thơ